| 000 | 00988cam a2200301 i 4500 | ||
|---|---|---|---|
| 001 | 200461792 | ||
| 003 | TR-AnTOB | ||
| 005 | 20241118085754.0 | ||
| 007 | ta | ||
| 008 | 810605s1971 tu 000 1 tur d | ||
| 040 |
_aBGU _beng _erda _cBGU _dTR-AnTOB |
||
| 041 | 1 |
_atur _heng |
|
| 050 | 4 |
_aPS3563.A28 _bE4819 1971 |
|
| 090 |
_aPS3563.A28 _bE4819 1971 TıpFaK |
||
| 100 | 1 |
_aMacDonald, John D. _q(John Dann), _d1916-1986 _eauthor _9146359 |
|
| 240 | 1 | 4 |
_aThe empty trap _lTurkish. |
| 245 | 1 | 4 |
_aKin tuzağı / _cJohn D. MacDonald ; Türkçesi: Sermet Puza. |
| 250 | _aBirinci baskı : Ekim 1971 | ||
| 264 | 1 |
_a[Place of publication not identified] : _be yayınları, _c1971. |
|
| 300 |
_a183 pages ; _c18 cm |
||
| 336 |
_atext _btxt _2rdacontent |
||
| 337 |
_aunmediated _bn _2rdamedia |
||
| 338 |
_avolume _bnc _2rdacarrier |
||
| 650 | 7 |
_aAmerikan edebiyatı _vRoman _2etuturkob _977588 |
|
| 700 | 1 |
_aPuza, Sermet _etranslator _9120063 |
|
| 942 |
_2lcc _cBK |
||
| 999 |
_c200461792 _d80004 |
||